Paradise of the blind
Đã lưu trong:
| Príomhúdar: | |
|---|---|
| Formáid: | Leabhar |
| Teanga: | Undetermined |
| Foilsithe: |
Ney York
Penguin Book
1993
|
| Ábhair: | |
| Clibeanna: |
Cuir Clib Leis
Gan Chlibeanna, Bí ar an gcéad duine leis an taifead seo a chlibeáil!
|
| Thư viện lưu trữ: | Trung tâm Học liệu Trường Đại học Cần Thơ |
|---|
| LEADER | 00616nam a2200193Ia 4500 | ||
|---|---|---|---|
| 001 | CTU_218182 | ||
| 008 | 210402s9999 xx 000 0 und d | ||
| 082 | |a 895.92233 | ||
| 082 | |b H561 | ||
| 100 | |a Duong, Thu Huong | ||
| 245 | 0 | |a Paradise of the blind | |
| 245 | 0 | |c Duong Thu Huong ; translated from the Vietnamese by Phan Huy Duong and Nina McPherson | |
| 260 | |a Ney York | ||
| 260 | |b Penguin Book | ||
| 260 | |c 1993 | ||
| 650 | |a Vietnamese novel,Tiểu thuyết Việt Nam | ||
| 650 | |y 20th century,Thế kỷ 20 | ||
| 904 | |i Nguyên | ||
| 980 | |a Trung tâm Học liệu Trường Đại học Cần Thơ | ||